000
002990000a22001450004500
003
MACL
040
_a
MACL
090
_c
6921
_d
6920
100
_a
Sarkar, Jagdish Narayan
245
_a
Islam in Bengal
260
_b
Ratna Prakashan
_c
1972
350
_a
12
650
_a
Sociology
942
_c
BOOK
_k
300
999
_c
6873
_d
6873